| 000 | 00336nam a22001457a 4500 | ||
|---|---|---|---|
| 003 | OSt | ||
| 005 | 20160727222340.0 | ||
| 008 | 160618b xxu||||| |||| 00| 0 eng d | ||
| 040 | _cTEST | ||
| 100 |
_957 _aHealey, T |
||
| 245 |
_aEven, Steven _bEven, Steven |
||
| 260 |
_aUSA _bReaders digest _c1994 |
||
| 300 | _aEven, Steven | ||
| 942 |
_2ddc _cBK |
||
| 999 |
_c48 _d48 |
||